Pueblo de Dios, cuerpo de Cristo, templo del Espíritu Santo: implicaciones estructurales y pastorales en la communio
Saved in:
| Format: | Bog |
|---|---|
| Sprog: | spansk |
| Udgivet: |
Pamplona
Universidad de Navarra
1996
|
| Fag: | |
| Tags: |
Tilføj Tag
Ingen Tags, Vær først til at tagge denne postø!
|
MARC
| LEADER | 00000nam a2200000 a 4500 | ||
|---|---|---|---|
| 001 | UCO8885 | ||
| 003 | CL-VaPUC | ||
| 005 | 20250103100417.0 | ||
| 008 | 010105e19960000sp 1 spa d | ||
| 082 | 0 | 4 | |a 262.7 |b PUE |2 21 |
| 245 | 1 | 0 | |a Pueblo de Dios, cuerpo de Cristo, templo del Espíritu Santo: implicaciones estructurales y pastorales en la communio |
| 260 | |a Pamplona |b Universidad de Navarra |c 1996 | ||
| 300 | |a 575 p | ||
| 583 | |a last modification |c 20010105 00:00:00 |k Rodrigo Vera | ||
| 650 | 0 | 0 | |a Creencia Religiosa |9 316904 |
| 650 | 0 | 0 | |a Dios |9 266622 |
| 650 | 0 | 0 | |a Iglesia Católica |9 256114 |
| 650 | 0 | 0 | |a Teología |9 258766 |
| 942 | |c BK | ||
| 945 | |a vberengu |d 20010105 00:00:00 | ||
| 546 | |a En Español | ||
| 536 | |a Universidad de Navarra | ||
| 518 | |p Simposio Internacional de Teología, 15, Pamplona, 13-15 de abril de 1994 | ||
| 999 | |c 383629 |d 383627 | ||
| 952 | |0 0 |1 0 |4 0 |6 262_700000000000000_PUE_1996 |7 0 |8 A |9 505816 |a BIBTEO |b BIBTEO |d 2020-01-23 |i 3667650 |o 262.7 PUE 1996 |p 3667650 |r 2025-01-17 |w 2020-01-23 |y BK |k ICR | ||